The big picture #35 [CD/sound recording].
Available copies
- 1 of 1 copy available at LARL/NWRL Consortium. (Show)
- 1 of 1 copy available at Northwest Regional Library.
Current holds
0 current holds with 1 total copy.
Show Only Available Copies
| Location | Call Number / Copy Notes | Barcode | Shelving Location | Status | Due Date |
|---|---|---|---|---|---|
| Greenbush Public Library | BOOK-ON-CD j BIG (Text) | 35500003907175 | Main | Available | - |
Record details
- ISBN: 1561799092 :
- Physical Description: 4 sound discs : digital ; 4 3/4 in.
- Publisher: [Nashville] : Focus on the Family/Tommy Nelson, cp2001.
Content descriptions
| General Note: | At head of container title: Focus on the Family presents. "A special four-compact disc set featuring 12 exciting episodes from the popular radio drama ... Read More Compact disc. |
| Formatted Contents Note: | The big deal, part I -- The big deal, part II -- ... Read More |
| Target Audience Note: | Recommended ages 8 and up. |
Search for related items by subject
| Genre: | Radio plays. Children's radio programs. Christian drama. Compact discs. |
Search for related items by series
| LDR | 01514cim a2200325Ia 4500 | ||
|---|---|---|---|
| 001 | 73557 | ||
| 003 | LARL_NWRL_CONSORTIUM | ||
| 005 | 20061018104739.0 | ||
| 007 | sd fungnn---ed | ||
| 008 | 010326s2001 tnunnn z eng d | ||
| 020 | . | ‡a1561799092 : ‡c$24.99 | |
| 035 | . | ‡a(OCoLC)67766925 ‡z(OCoLC)46591903 | |
| 082 | 4. | ‡a248.82 | |
| 245 | 0 | 4. | ‡aThe big picture ‡n#35 ‡h[CD/sound recording]. |
| 260 | . | ‡a[Nashville] : ‡bFocus on the Family/Tommy Nelson, ‡ccp2001. | |
| 300 | . | ‡a4 sound discs : ‡bdigital ; ‡c4 3/4 in. | |
| 490 | 0 | . | ‡aAdventures in Odyssey audio ; ‡v35 |
| 500 | . | ‡aAt head of container title: Focus on the Family presents. | |
| 500 | . | ‡a"A special four-compact disc set featuring 12 exciting episodes from the popular radio drama series"--Container. | |
| 505 | 0 | 0. | ‡tThe big deal, part I -- ‡tThe big deal, part II -- ‡tLife trials of the rich and famous -- ‡tMissionary impossible -- ‡tThe great wishy woz, I -- ‡tThe great wishy woz, II -- ‡tBest laid plans -- ‡tThe worst day ever -- ‡tOpportunity knocks -- ‡tRed herring -- ‡tSlumber party -- ‡tNova rising. |
| 521 | . | ‡aRecommended ages 8 and up. | |
| 500 | . | ‡aCompact disc. | |
| 655 | 0. | ‡aRadio plays. | |
| 655 | 0. | ‡aChildren's radio programs. ‡0(LARL_NWRL_CONSORTIUM)175764 | |
| 655 | 0. | ‡aChristian drama. | |
| 655 | 0. | ‡aCompact discs. | |
| 901 | . | ‡a73557 ‡bOCLC ‡c73557 ‡tbiblio | |

Add to basket
Permalink
Disable Highlighting